Teacher's handbook of diagnostic screening, auditory, motor, visual, language : a practical guide with duplicator masters /

Bibliographic Details
Main Author: Mann, Philip H.
Other Authors: Suiter, Patricia
Format: Book
Language:English
Published: Boston : Allyn and Bacon, 1975 printing.
Subjects:

MARC

Tag First Indicator Second Indicator Subfields
LEADER 00000cam a2200000 4500
001 in00000308549
005 20151010151535.0
008 750602s1974 maua b 00010 eng d
035 |a (OCoLC)01368309 
035 |9 ABH9661AM 
040 |c GSU  |d TXA  |d UtOrBLW 
049 |a TXAM  |c [1376360] 
090 |a LB1029.R4  |b M365 1975 
100 1 |a Mann, Philip H. 
245 1 0 |a Teacher's handbook of diagnostic screening, auditory, motor, visual, language :  |b a practical guide with duplicator masters /  |c Philip H. Mann, Patricia Suiter. 
264 1 |a Boston :  |b Allyn and Bacon,  |c 1975 printing. 
264 4 |c ©1974 
300 |a vii, 117 pages :  |b illustrations ;  |c 29 cm. 
336 |a text  |b txt  |2 rdacontent 
337 |a unmediated  |b n  |2 rdamedia 
338 |a volume  |b nc  |2 rdacarrier 
504 |a Bibliography: pages 35-37. 
650 0 |a Remedial teaching  |x Handbooks, manuals, etc. 
650 0 |a Reading  |x Remedial teaching  |x Handbooks, manuals, etc. 
700 1 |a Suiter, Patricia. 
999 |a MARS 
999 f f |s 49c239ba-ea5d-3dc9-8864-228e510399a4  |i 87cc562d-1e9a-3da2-8fab-ed90a434a0aa  |t 0 
952 f f |p normal  |a Texas A&M University  |b College Station  |c Sterling C. Evans Library  |d Evans: Library Stacks  |t 0  |e LB1029.R4 M365 1975  |h Library of Congress classification  |i unmediated -- volume  |m A14803241872 
998 f f |a LB1029.R4 M365 1975  |t 0  |l Evans: Library Stacks